| 000 | 02087nam a22002897a 4500 | ||
|---|---|---|---|
| 003 | OSt | ||
| 005 | 20251021113517.0 | ||
| 007 | cr ||||||a|c|a | ||
| 008 | 230503s2019 |||a|||fom||| 001 0 S d | ||
| 040 | _erda | ||
| 100 | 1 |
_941680 _aFlores Perea, Berenice |
|
| 245 | 1 | 0 |
_aEvolución y mediación de la pobreza en México / _cBerenice Flores Perea; director de tesis Francisco Peréz Soto |
| 264 | 1 |
_aChapingo, México : _bEl autor, _c2019. |
|
| 300 |
_a1 recurso en línea (141 páginas): _b cuadros, mapas, figuras y graficas |
||
| 336 |
_2rdacontent _atexto _btxt |
||
| 337 |
_2rdamedia _acomputadora _bc |
||
| 338 |
_2rdacarrier _arecurso en línea _bcr |
||
| 502 |
_bDCEA _cDICEA _d2019. _gDOC |
||
| 504 | _aIncluye referencias bibliográficas: páginas 115 - 121 | ||
| 520 | _aEl fenómeno de la pobreza ha sido asociado directamente con el ingreso económico; es motivo de discusiones a nivel científico, político y social; se necesitan mediciones certeras que puedan ser consideradas en la elaboración de política pública y toma de decisiones en materia de desarrollo. El objetivo de esta investigación fue analizar la evolución y desarrollo de la pobreza en México. A partir de la ENIGH y del nuevo enfoque metodológico del CONEVAL se reconoce la existencia de un importante porcentaje de la población en pobreza, el cual asciende a 41.9 % en 2018.La evolución de la pobreza en México tuvo un comportamiento creciente entre 2008 y 2014; al pasar de 44.4 % al 46.2 % respectivamente, lo que implica un aumento de 1.8%. En 2016, la población en pobreza se redujo al 43.6 % y para 2018 se contrajo en 2.3 % más. Los resultados obtenidos indican que en la última década la pobreza disminuyo en 5.96 %. | ||
| 650 | 4 |
_9132859 _aPobreza _xAspectos sociales _zMéxico |
|
| 650 | 4 |
_9124665 _aPobreza _vEstadísticas _zMéxico |
|
| 650 | 4 |
_957571 _aIndices de localidad |
|
| 700 | 1 |
_990046 _aPérez Soto, Francisco _edirector. |
|
| 856 |
_uhttp://10.13.5.2/tesis/td/Flores_Perea_Berenice.pdf _zDESCARGAR PDF |
||
| 942 |
_2Clasificación Universidad Autónoma Chapingo _cTD |
||
| 999 |
_c218677 _d218677 |
||